[Event "Wch U20 53rd"]
[Site "Pune"]
[Date "2014.10.11"]
[Round "6"]
[White "Wei, Yi"]
[Black "Grover, Sahaj"]
[Result "1/2-1/2"]
[WhiteElo "2641"]
[BlackElo "2491"]
[Annotator "Grover,S"]
[PlyCount "70"]
[EventDate "2014.10.06"]
[EventType "swiss"]
[EventRounds "13"]
[EventCountry "IND"]
[SourceTitle "CBM 164"]
[Source "ChessBase"]
[SourceDate "2015.01.15"]
[SourceVersion "1"]
[SourceVersionDate "2015.01.15"]
[SourceQuality "1"]

{This game was played in the sixth round of the World junior. I was doing
about ok here and was pitted against one of the top stars.} 1. e4 e6 2. d4 d5
3. Nd2 c5 4. exd5 Qxd5 5. Ngf3 cxd4 6. Bc4 Qd8 {A relatively newer idea, it's
seldom played and quite effective for 1 game purposes.} 7. O-O a6 8. Nb3 Nc6 9.
Qe2 $1 {I think Nbxd4 is more obvious, but White doesn't achieve much there.} (
9. Nbxd4 Nxd4 10. Nxd4 Qc7 $1 11. Qe2 Bd6 12. g3 Ne7 $1 {The whole point
behind delaying ...Nf6, since now White doesn't have tricks like playing
Bg5-Bxf6, or Nf3-Ne5, I think Black is very happy here.}) 9... b5 {Black needs
to be precise here.} (9... Nf6 $2 10. Rd1 b5 11. Nbxd4 Nxd4 12. Rxd4 Qc7 13.
Bd3 Bc5 14. Rh4 {and White can generate an attack on the kingside.}) 10. Bd3
Nf6 (10... Bb7 {is also playable I think, but somehow I wasn't so sure about
this} 11. Rd1 Qc7 12. Nbxd4 Nxd4 13. Nxd4 Nf6 14. Bf4 Qxf4 15. Bxb5+ Ke7 16.
Bc6 Ng4 17. g3 Qxf2+ 18. Qxf2 Nxf2 19. Kxf2 Bxc6 20. Nxc6+ Ke8 {and although
this endgame looks very dynamic, Black should be able to hold the fort
together.}) 11. Rd1 Bd6 12. a4 $5 (12. Bg5 Bb7 13. Be4 $5 O-O 14. Bxc6 Bxc6 15.
Nbxd4 Bd5 $11 {Usually in such structures White's light-coloured bishop poses
a lot of problems. with it having been traded-off, Black's completely fine
here.}) (12. Nbxd4 Nxd4 13. Nxd4 O-O 14. c3 Bb7 15. a4 b4 $11 {Black is active
enough here.}) 12... b4 13. Bg5 Bb7 14. Nfxd4 Nxd4 15. Nxd4 O-O 16. Bh4 $5 {
This was a new move, but it transposed to what I had prepared, White's main
threat is to take on e6 now.} (16. Nxe6 $2 fxe6 17. Qxe6+ Kh8 18. Bf1 Qa5 $1
$19) 16... Kh8 17. Nf3 Qc7 18. Bxf6 gxf6 19. Bxh7 {I had this position at home
with my king on g8, here I thought for a while if I should go for it via f5,
but after a long thought I decided to go with what I had already seen.} Kxh7 (
19... f5 $5 20. Rd4 $1 (20. Ng5 $2 Qc6 21. f3 Bf4 22. Nh3 Bh6 $19) 20... Kxh7
21. Qd2 Be7 22. Rd7 Qb6 23. Rxe7 Bxf3 24. gxf3 Rad8 $11 {and because of the d4
invasion, Black probably survives.}) 20. Qd3+ f5 21. Qxd6 Qxd6 22. Rxd6 Bxf3
23. gxf3 a5 {This was where my preparation ended. I had concluded that this
position was about equal. White is a pawn up, but I think Black's pawn
structure is just too solid, so it should just be a draw.} 24. Rc1 Rfc8 ({
Had I seen one more move, I would have played} 24... Rg8+ {as it's precise} 25.
Kh1 (25. Kf1 Kg6 26. c4 (26. Rd4 Rh8 27. h4 Rad8 28. Rxd8 Rxd8 29. Ke2 Rd4 30.
Rh1 b3 $1 $11) 26... bxc3 27. bxc3 Rh8 28. Kg2 Kf6 29. c4 Rag8+ 30. Kh1 Rh4 $11
) 25... Rad8 26. Rxd8 Rxd8 $11) 25. Rd3 (25. c4 bxc3 26. Rxc3 Rxc3 27. bxc3 Rc8
28. Ra6 Rxc3 29. Rxa5 Rxf3 $11) 25... Rc4 26. b3 Rh4 27. c4 bxc3 28. Rcxc3 {
Not much can go wrong for Black now.} (28. Rdxc3 Rb4 29. Rd3 Kg6 30. Rc7 Kf6
$11) 28... Rg8+ 29. Kf1 Rxh2 30. Rd7 Kg6 31. Ke2 f4 {It was not difficult to
find a couple of correct moves here.} 32. Rc5 Rb8 33. Rd3 (33. Rb5 Rxb5 34.
axb5 Rh5 35. Rb7 Rd5 36. b6 Kf6) 33... Rh5 34. Rxh5 Kxh5 35. Rc3 Kh4 {I
offered him a draw here, he accepted, as neither one of us had any improvement.
} 1/2-1/2

[Event "FRA-chT"]
[Site "France"]
[Date "1995.??.??"]
[Round "?"]
[White "Hamdouchi, Hicham"]
[Black "Gurevich, Mikhail"]
[Result "0-1"]
[WhiteElo "2555"]
[BlackElo "2605"]
[Annotator "Gurevich,M"]
[PlyCount "104"]
[EventDate "1995.??.??"]
[EventType "team"]
[EventRounds "5"]
[EventCountry "FRA"]
[SourceTitle "EXT 1997"]
[Source "ChessBase"]
[SourceDate "1996.11.15"]
[SourceVersion "1"]
[SourceVersionDate "1996.11.15"]
[SourceQuality "1"]

1. e4 e6 2. d4 d5 3. Nd2 a6 4. Ngf3 c5 5. dxc5 Bxc5 6. Bd3 Nf6 7. Qe2 Nc6 8.
exd5 Nxd5 9. Ne4 Be7 10. O-O (10. c4 Bb4+ 11. Kf1 Nf6 12. Nxf6+ gxf6 13. Bh6
Be7 14. a3 b6 15. Rd1 Qc7 $13 {Chernyshov,K-Kiriakov,P Orel 1992}) 10... Qc7
11. Ng3 $5 {TN} (11. Bc4 Nf4 12. Qe3 Ng6 13. b3 O-O 14. Bb2 b5 15. Bd3 Nb4 $132
{Smirin,I-Dreev,A Borzhomi jn 1988}) 11... Bd7 $5 {[/\12...0-0-0<=>>>]} 12. c4
$6 (12. Be4 Nf6 $13) (12. Nh5 $5 O-O-O $5 (12... g6 13. c4 $1 Ndb4 (13... Nf6
14. Bf4 Qa5 15. Nxf6+ Bxf6 16. Bd6 $36) 14. Ng7+ Kf8 15. Bh6 Kg8 16. Be4 $1 Bf6
17. Nh5 gxh5 18. a3 $36) 13. c4 (13. Nxg7 $2 h5 {(/\14...Rdg8->)}) 13... Nf6
14. Bf4 Bd6 15. Bxd6 Qxd6 16. Nxf6 gxf6 17. Rad1 Qc7 $13) 12... Nf4 13. Bxf4
Qxf4 14. Be4 Qc7 (14... O-O $2 15. Bxh7+ Kxh7 16. Qd3+ Kg8 17. Qxd7 $16) 15.
Rad1 Rd8 {[/\16...0-0]} (15... O-O-O 16. a3 {(/\b2-b4-b5-><<)}) 16. Bxc6 Bxc6
17. Qe5 $6 (17. Ne5 O-O 18. Nxc6 Qxc6 19. Ne4 $10) (17. Rxd8+ Bxd8 18. Ne5 O-O
19. Nxc6 Qxc6 20. Rd1 Be7 21. Qd3 g6 $10 22. Qd7 $4 Rd8 $19) 17... Qxe5 18.
Nxe5 (18. Rxd8+ $6 Kxd8 $1 19. Nxe5 Be8 20. Rd1+ Kc7 $17) 18... O-O 19. Nxc6
bxc6 $15 20. Ne4 f5 $1 {[/\Kg8-f7,e6-e5,Kf7-e6->]} 21. Nc3 (21. Nd2 $142 {
(/\Nd2-b3-d4<=>)}) 21... Kf7 22. Rxd8 $6 (22. Rfe1 Bb4 23. Kf1 Ke7 24. Ke2 Bxc3
25. bxc3 Rxd1 26. Rxd1 Rb8 $15) 22... Rxd8 23. Rd1 Rxd1+ 24. Nxd1 Kf6 $1 $17 {
[/\Kf6-e5-d4]} 25. Kf1 (25. f4 Bd6 26. g3 e5 27. fxe5+ Kxe5 28. Kf2 Kd4 $17)
25... Ke5 26. Ke2 Kd4 27. b3 Ba3 28. Kd2 Bb4+ 29. Ke2 Ba3 30. Kd2 g6 $5 31. f3
Bd6 32. h3 Bf4+ 33. Ke2 Bd6 34. Kd2 a5 35. Ke2 Bb4 36. g4 Be7 37. gxf5 gxf5 38.
Kd2 Bd6 39. Ke2 Bb4 $22 40. Nb2 Kc3 41. Nd3 (41. Na4+ Kc2 42. Ke3 e5 43. c5 Kb1
44. Kd3 Kxa2 45. Kc4 e4 $19) 41... Bd6 42. c5 (42. Ke3 e5 43. f4 exf4+ 44. Nxf4
Bxf4+ 45. Kxf4 Kb2 $19) 42... Bc7 43. f4 $142 $5 Kd4 44. a3 {/\45.b4} Bd8 $1 {
[/\45...Bf6]} (44... Ke4 45. b4 axb4 46. axb4 $15 Bxf4 $4 47. Nxf4 Kxf4 48. b5
$18) 45. a4 $5 (45. b4 axb4 46. axb4 Bf6 47. Kd2 (47. b5 cxb5 48. c6 Bd8 49.
Ne5 Bc7 $19 {(/\50...Kd5,51...Bxe5)}) 47... Kc4 48. Kc2 Bd4 49. Kd2 Bc3+ $19)
45... Be7 $1 $19 (45... Bf6 $6 46. b4 $132 axb4 47. a5 $18) 46. b4 axb4 47. a5
(47. Nxb4 Kxc5 48. Nd3+ Kd5 49. a5 Bd8 50. a6 Bb6 {(/\Kd5-c4-b5-a6)}) 47...
Bxc5 48. a6 b3 $1 49. Kd2 (49. Nxc5 Kxc5 50. a7 b2 51. a8=Q b1=Q 52. Qa7+ Kc4
$19) 49... Bb6 50. Ne5 Ke4 $1 51. Nxc6 Kxf4 52. Kc3 Kg3 (52... Kg3 53. a7 Bxa7
54. Nxa7 f4 55. Nc6 f3 $19) 0-1

[Event "Bad Woerishofen op 21st"]
[Site "Bad Woerishofen"]
[Date "2005.03.08"]
[Round "6"]
[White "Tiviakov, Sergei"]
[Black "Levin, Felix"]
[Result "1/2-1/2"]
[WhiteElo "2627"]
[BlackElo "2498"]
[Annotator "Gutman,L"]
[PlyCount "61"]
[EventDate "2005.03.04"]
[EventType "swiss"]
[EventRounds "9"]
[EventCountry "GER"]
[SourceTitle "CBM 107"]
[Source "ChessBase"]
[SourceDate "2005.08.01"]
[SourceVersion "1"]
[SourceVersionDate "2005.08.01"]
[SourceQuality "1"]

1. e4 e6 2. d4 d5 3. Nd2 c5 4. exd5 Qxd5 5. Ngf3 cxd4 6. Bc4 Qd6 7. O-O Nf6 8.
Nb3 Nc6 9. Nbxd4 Nxd4 10. Nxd4 a6 11. Bb3 Bd7 12. Bg5 (12. c3 O-O-O 13. Bg5 (
13. Qf3 Qc7 14. Bg5 Bd6 15. h3 Bh2+ 16. Kh1 Be5 {Tiviakov- Vakhidov, United
Insurance 2003}) 13... Qc5 14. Bxf6 gxf6 15. Qf3 Qg5 {Tiviakov- Glek, Bastia
Rapid 2001}) 12... O-O-O 13. Re1 Qc5 (13... Qc7 14. Qe2 Bd6 15. h3 h6 (15...
Qc5 16. Qe3 h6 17. Bf4 {Tyomkin- BLuvshtein, Montreal 2004}) 16. Be3) 14. Bf4
Bd6 15. Bxd6 Qxd6 16. c3 Qf4 17. Qe2 h5 18. Rad1 (18. Qe5 $5 Qxe5 19. Rxe5)
18... Ng4 19. g3 Qc7 20. h3 (20. Qc4 Qxc4 21. Bxc4 {gefällt mir etwas besser})
20... Nf6 21. Qc4 Qxc4 22. Bxc4 Rhe8 23. f4 g6 24. Nf3 Re7 25. Ne5 Be8 26.
Rxd8+ Kxd8 27. Kf2 Rc7 28. Bb3 Nd7 29. g4 hxg4 30. hxg4 Nxe5 31. Rxe5 1/2-1/2

[Event "Rostov on Don"]
[Site "Rostov on Don"]
[Date "1993.??.??"]
[Round "?"]
[White "Tiviakov, Sergei"]
[Black "Psakhis, Lev"]
[Result "0-1"]
[WhiteElo "2575"]
[BlackElo "2575"]
[Annotator "Hansen,Cu"]
[PlyCount "124"]
[EventDate "1993.05.??"]
[EventType "tourn"]
[EventRounds "11"]
[EventCountry "RUS"]
[EventCategory "14"]
[SourceTitle "CBM 036"]
[Source "ChessBase"]
[SourceDate "1993.10.01"]
[SourceVersion "1"]
[SourceVersionDate "1993.10.01"]
[SourceQuality "1"]

1. e4 e6 2. d4 d5 3. Nd2 c5 4. exd5 Qxd5 5. Ngf3 cxd4 6. Bc4 Qd6 7. O-O Nf6 8.
Nb3 Nc6 9. Nbxd4 Nxd4 10. Nxd4 a6 11. b3 Qc7 (11... Be7 12. Bb2 b5 (12... O-O
13. Qf3 Qc7 14. Rfe1 b5 15. Bd3 Bb7 16. Qh3 $16 {Tal,M-Kortjnoj,V/Brussels 5'/
1987/}) 13. Qf3 Rb8 14. Bd3 Bb7 15. Qh3 Nd5 16. Rad1 Qf4 17. g3 Qc7 18. Nxe6
fxe6 19. Bxg7 $16 {Ghizdavu,D-Padevsky,N/Varna/1973/}) (11... b5 12. Bd3 Bb7
13. Bb2 Be7 14. Qe2 O-O 15. c4 {0,5-0,5/Jansa,V-Fuchs,R/Kapfenberg EUchT/1970/}
) 12. Bb2 (12. Qe2 Bc5 (12... b5 13. Bd3 Bc5 14. Nf5 O-O 15. Nxg7 Kxg7 16. Bb2
Rg8 17. Be4 Ra7 18. Qh5 h6 $17 {Kaizauri,K-Ornstein,A/Eksjo/1981/}) (12... Bd6
13. Nf5 Bxh2+ 14. Kh1 O-O 15. Nxg7 Qe5 (15... Be5 16. Bh6 Bxa1 17. Rxa1 Qc5 18.
Rd1 b5 19. Be3 Qe5 20. f4 Ne4 21. fxe5 Ng3+ 22. Kh2 Nxe2 23. Bxe2 Kxg7 24. Bg5
$13 {Cseshkovsky,V-Stirenkov,V/USSR/1989/}) 16. g3 Qxa1 (16... Qxe2 17. Bxe2
Kxg7 18. Bb2 e5 19. Kxh2 $16 {Geller,E-Stahlberg,G/Goteborg izt/1955/}) 17. c3
b5 18. Bd3 Rd8 19. Be4 Nxe4 20. Qxe4 Qxc3 21. Nh5 Qd3 22. Qg4+ Qg6 23. Qh4 Bb7+
24. Kxh2 e5 $13 {Rubin,D-Glek,I/corr/1989/}) 13. Bb2 (13. Nf5 O-O 14. Nxg7 Kxg7
15. Bb2 e5 16. Bxe5 Bd6 17. Bb2 Bxh2+ 18. Kh1 Bf4 19. Qh5 h6 20. Rae1 Qd7 21.
Re3 Qg4 22. Qxg4+ Bxg4 23. Re4 {1-0/Geller,E-Kindermann,S/Dortmund A/1989/})
13... O-O 14. Rad1 b5 15. Bd3 Bb7 16. Nf3 Qf4 17. Ne5 Qg5 18. g3 $13 {
Kotronias,V-Kindermann,S/Debrecen/1989/}) 12... Bd6 (12... Bd7 13. Qe2 O-O-O
14. Nf3 (14. Rad1 Bd6 15. h3 h5 16. Nf3 Bc6 17. Ne5 Bd5 18. Bd3 $16 {Luecke,
N-Luther,T/Borsodtavho/1991/}) 14... h5 (14... Bc6 15. Ne5 Kb8 16. Qe3 Nd5 17.
Bxd5 Bxd5 18. c4 $16 {Tiviakov,S-Degerman,L/Gausdal AC/1993/}) 15. Rad1 Bc5 16.
Be5 Qc6 17. h3 Ne8 18. Bc3 f6 19. Ba5 $14 {Psakhis,L-Nikolic,P/Sochi/1982/}) (
12... Be7 13. Qf3 O-O 14. Rfe1 Re8 (14... Rb8 15. Rad1 Bb4 16. Nf5 exf5 17. Be5
Qb6 18. Bxb8 Bxe1 19. Rxe1 Ne4 $13 {Franzen,J-Akopian,V/Belgrad GMA op/1989/})
15. Rad1 Bd7 16. Bd3 Rad8 17. Qh3 Bb4 18. c3 Bd6 {Klundt,K-Markmann,U/BL/1989/}
) 13. Nf3 (13. h3 O-O 14. Re1 (14. a4 e5 15. Nf3 e4 16. Nd4 Bd7 17. Qe2 Rae8
$15 {Tiviakov,S-Dreev,A/Podolsk/1992/}) 14... b5 15. Bf1 Rd8 16. Qe2 Bb7 17. c4
Bc5 $10 {Lobron,E-Petrosian,T/Plovdiv EuchT/1983/}) 13... b5 (13... O-O 14. Qe2
b5 15. Bd3 Bb7 (15... Nd5 $13 {Kaiszauri,K-Ornstein,A/Eksjo/1981/}) 16. h3 Nh5
(16... h6 17. Ne5 Rfd8 18. f4 Bc5+ 19. Kh2 Bd4 $10 {Tal,M-Hubner,R/Brussels 5'/
1987/}) 17. Bc1 Nf4 18. Bxf4 Bxf4 $10 {Konikovski,J-Keitlinghaus,L/Dortmund B/
1988/}) 14. Bd3 Bb7 (14... O-O 15. Re1 Nd5 16. Be4 Bb7 17. Ng5 h6 $15 {Skrobek,
R-Ornstein,A/Pamporovo/1981/}) 15. Re1 (15. a4 O-O $10) (15. Bxf6 gxf6 16. Qe2
Rc8 17. Be4 Bxe4 18. Qxe4 Qxc2 $17 {Georgadze,G-Henley,R/Tbilisi/1983/}) 15...
O-O 16. Ne5 Rad8 (16... Nd7 $2 17. Nxd7 Qxd7 18. Bxh7+ Kxh7 19. Qh5+ Kg8 20.
Bxg7 Kxg7 21. Qg5+ Kh7 22. Re3 Bxh2+ 23. Kxh2 $18) 17. Qe2 {/\a2-a4} Nd5 18.
Qg4 f5 19. Qh4 Nb4 20. Re2 Nxd3 21. Nxd3 Be4 22. Rae1 (22. Rd1 $5 Bxd3 23. Rxd3
Be7 $10) 22... Rfe8 {><e6,/\e6-e5} (22... b4 $5) 23. Kh1 Qe7 (23... e5 $5 24.
Nxe5 Bxe5 25. Bxe5 Qxe5 26. f3 Rd4 27. h3 (27. fxe4 Rxe4 28. Rxe4 fxe4 $15)
27... b4 $15) 24. Qh3 Qc7 25. Qh4 Qe7 26. Qh5 $6 (26. Qh3) 26... Qb7 27. f3
Bxd3 28. cxd3 Qf7 $15 (28... Qd5 $5) 29. Qh4 Bf8 30. Re3 Be7 (30... Rd5 $5 {
/\Qd7}) 31. Qf4 Bc5 $1 32. d4 Bd6 33. Qh4 Be7 34. Qf2 Bf6 $17 35. h3 (35. Rd3
Rd5 $17 {ץb2} (35... e5 $5)) (35. Rd1 Rd5 $17 {ץb2}) 35... Rxd4 (35... Bxd4
36. Bxd4 Rxd4 37. Qe2 $17) 36. f4 $8 Rd6 37. Bxf6 Qxf6 (37... gxf6 38. Qe2 $15)
38. Re5 Qd8 39. Qc5 Re7 40. Kh2 $2 (40. Qe3 {צe7}) 40... Rc7 41. Qe3 Rcc6 $1 {
<->c,<->d} 42. Re2 h6 43. Qf3 Qd7 {/\Rd4} 44. Qf2 Rd1 (44... Rd4 $2 45. Rxe6
$15) 45. Qe3 Rd3 (45... Kf7 $5 46. g4 $2 Rd3 47. Qf2 Kg8 $17 {עh2}) 46. Qf2
Kh7 47. Qf1 {/\Rxe6} Rd5 48. R5e3 Rd2 49. Qe1 (49. Rxd2 $5 Qxd2 50. Qf3 $17)
49... Rxe2 (49... Rcc2 50. Rxd2 Qxd2 (50... Rxd2 51. Rxe6 Rxa2 52. Qe5 $13) 51.
Qxd2 Rxd2 52. Rxe6 (52. a4 bxa4 53. bxa4 Rd6 $17) 52... Rxa2 53. Rb6 $15) (
49... Rd1 50. Qf2 $17 (50. Qh4 Qd4 {/\e6-e5} (50... Rcc1 51. Rxe6 Rh1+ 52. Kg3
Rc3+ 53. R6e3 $13) 51. Qf2 $1 $17)) 50. Rxe2 Qd4 51. Qf1 (51. Rxe6 $2 Qxf4+ 52.
g3 (52. Kh1 Rc1) 52... Rc2+ 53. Re2 Qe3 $19) 51... g5 $1 $19 52. Rf2 (52. g3
Kg6) 52... Kg6 (52... Qe3 $5 {/\Rc1} 53. Rf3 Qe4 {/\Rc2}) 53. g4 $2 fxg4 54.
hxg4 gxf4 55. Rxf4 Rc2+ 56. Kh3 Rc3+ 57. Kg2 Qd2+ 58. Rf2 Qd5+ (58... Qe3 59.
Rf6+ Kg5 $19) 59. Kh2 Qe5+ 60. Kh1 Qd5+ 61. Kh2 Qe5+ 62. Kh1 Re3 0-1

[Event "Brno-A"]
[Site "Brno"]
[Date "1994.??.??"]
[Round "1"]
[White "Hracek, Zbynek"]
[Black "Dreev, Alexey"]
[Result "1-0"]
[WhiteElo "2530"]
[BlackElo "2650"]
[Annotator "Hansen,LB"]
[PlyCount "67"]
[EventDate "1994.08.??"]
[EventType "tourn"]
[EventRounds "9"]
[EventCountry "CZE"]
[EventCategory "13"]
[SourceTitle "CBM 043"]
[Source "ChessBase"]
[SourceDate "1994.12.01"]
[SourceVersion "1"]
[SourceVersionDate "1994.12.01"]
[SourceQuality "1"]

1. e4 e6 2. d4 d5 3. Nd2 c5 4. exd5 Qxd5 5. Ngf3 cxd4 6. Bc4 Qd8 $5 (6... Qd6)
7. O-O a6 $146 (7... Ne7 8. Nb3 Qc7 9. Qe2 Ng6 10. Nfxd4 (10. Nbxd4 a6 11. Bxe6
$5 fxe6 12. Nxe6 Bxe6 13. Qxe6+ Qe7 $2 (13... Be7 14. Ng5 $40) 14. Qc8+ Qd8 15.
Qxb7 $16 {Forster,R-Vaganian,R/Biel Mixed/1994/}) 10... a6 11. f4 $5 Be7 12. f5
$6 exf5 13. Nxf5 Bxf5 14. Rxf5 O-O $15 {Adams,M-Dreev,A/Dortmund/1994/}) (7...
Nc6 8. Nb3 Be7 $5 9. Nbxd4 Nxd4 10. Nxd4 a6 11. Be3 Bf6 $5 12. c3 Ne7 13. Qh5
O-O 14. Rad1 $14 {Smyslov,V-Stahlberg,G/Helsinki ol/1952/}) 8. Nb3 Qc7 9. Bd3
Nc6 10. Nbxd4 Nxd4 11. Nxd4 Bd6 $1 12. h3 Nf6 13. c3 O-O $10 14. Bg5 Nd5 15.
Bc2 (15. Qf3 $5) (15. Qh5 $5) 15... b5 16. Nf5 $5 Bh2+ (16... Bb7 17. Nxd6 Qxd6
$14) (16... exf5 $5 17. Qxd5 Be6 18. Qd2 (18. Qf3 b4 $132 (18... f4 $5)) 18...
f4 $5 $132) 17. Kh1 Bb7 18. Ng3 $1 (18. Nxg7 $2 Kxg7 19. Qh5 f5 20. Bh6+ Kh8
21. Bxf8 Rxf8 $17) 18... Bxg3 19. Qd3 f5 20. Qxg3 (20. fxg3 $6 h6 $15) 20... e5
$6 (20... Qxg3 21. fxg3 h6 $10) 21. Rad1 Kh8 22. Rfe1 $14 Rae8 23. Kg1 $6 (23.
f3 $14) 23... Qc6 $1 24. f3 f4 $2 (24... Qg6 25. Qh4 h6 26. Bc1 Nf6 $132) 25.
Qh4 h6 26. Rxd5 $1 Qb6+ (26... Qxd5 $2 27. Bxh6 $40) 27. Kh2 Bxd5 28. Be7 $1
Rf7 29. Rxe5 $36 {X Kh8} Qc6 30. Bd6 $1 Rg8 $2 (30... Rxe5 31. Bxe5 $36) 31.
Qh5 $1 $18 Qxd6 (31... Bxa2 $2 32. Qg6 $18) 32. Rxd5 Qe6 33. Re5 Qd6 (33... Qf6
34. Rf5 $18) 34. Qxf7 $138 (34. Qxf7 Qxe5 35. Qg6 $18) 1-0

[Event "DEN-ch playoff"]
[Site "Tonder"]
[Date "1993.??.??"]
[Round "4"]
[White "Rasmussen, Karsten"]
[Black "Hansen, Lars Bo"]
[Result "0-1"]
[WhiteElo "2440"]
[BlackElo "2545"]
[Annotator "Hansen,LB"]
[PlyCount "70"]
[EventDate "1993.05.??"]
[EventType "match"]
[EventRounds "4"]
[EventCountry "DEN"]
[SourceTitle "CBM 036"]
[Source "ChessBase"]
[SourceDate "1993.10.01"]
[SourceVersion "1"]
[SourceVersionDate "1993.10.01"]
[SourceQuality "1"]

1. e4 e6 2. d4 d5 3. Nd2 c5 4. exd5 Qxd5 5. Ngf3 cxd4 6. Bc4 Qd6 7. O-O Nf6 8.
Nb3 Nc6 9. Nbxd4 Nxd4 10. Nxd4 a6 11. a4 $5 Qc7 12. Qe2 Bd6 (12... Bd7 13. c3
Bd6 14. h3 O-O 15. Re1 Rac8 16. Bb3 e5 17. Nc2 Qb6 18. Ba2 Bb8 $36 {Zapata,
A-Chernin,A/Amsterdam OHRA/1987/}) 13. h3 O-O 14. Rd1 (14. Bg5 Ne4 $5 15. Be3
b6 16. Rfd1 Bb7 17. c3 $14 {Zapata,A-Vilela,J/Camaguey/1987/}) 14... Bd7 $1 $10
(14... b6 $6 {X a6;b6} 15. Bg5 Bh2+ 16. Kh1 Be5 17. Ra3 $1 Bb7 18. Re3 Bf4 19.
Bxf4 Qxf4 20. c3 Rfd8 21. Kg1 a5 22. Re1 $14 {Ljubojevic,L-Huebner,R/Wijk/1988/
}) 15. Bg5 Kh8 $1 16. Bd3 $6 {X Nd4} (16. c3 $10) 16... Bh2+ 17. Kh1 Bf4 18.
Bxf6 $6 (18. Bxf4 Qxf4 $15 19. Nf3 $140 Bc6 20. Ne5 Ne4 $1 21. Bxe4 Qxe5 $1 $17
) 18... gxf6 $17 {[+];^^} 19. Qh5 f5 20. Be2 Rg8 $1 {/\ Rg6;Rag8} 21. Qxf7 Rxg2
$1 (21... Raf8 22. Nxe6 $1 $13) 22. Qf6+ (22. Kxg2 $4 Bc6+ $19) 22... Rg7 23.
Bf3 Re8 24. Rg1 Be5 25. Qh4 Reg8 $2 (25... Qb6 $1 $19) 26. c3 $1 (26. Rxg7 $6
Bxg7 $1 {/\e5-+}) 26... Bxd4 $5 27. Qxd4 (27. cxd4 Bc6 $19 {X /^h1-a8}) 27...
e5 28. Qe3 f4 $6 (28... Bxa4 $142 $1 $19 {Rasmussen}) 29. Qd3 Bxh3 30. Bd5 Qd7
(30... Qd6 $5) 31. Rxg7 Rxg7 32. Rg1 Bf5 33. Qf3 $2 $138 (33. Rxg7 Kxg7 $17)
33... Bg6 $1 $19 {X Kh1} 34. Rd1 e4 $1 35. Qxf4 (35. Qg2 Bh5 $19) 35... Qh3+ (
35... Qh3+ 36. Qh2 Qf3+ $19) 0-1

[Event "Biel"]
[Site "Biel"]
[Date "1994.??.??"]
[Round "1"]
[White "Forster, Richard"]
[Black "Vaganian, Rafael A"]
[Result "1-0"]
[WhiteElo "2380"]
[BlackElo "2645"]
[Annotator "Hansen,LB"]
[PlyCount "57"]
[EventDate "1994.07.??"]
[EventType "tourn"]
[EventRounds "11"]
[EventCountry "SUI"]
[EventCategory "10"]
[SourceTitle "CBM 043"]
[Source "ChessBase"]
[SourceDate "1994.12.01"]
[SourceVersion "1"]
[SourceVersionDate "1994.12.01"]
[SourceQuality "1"]

1. e4 {Ftacnik Donev} e6 2. d4 d5 3. Nd2 c5 4. exd5 Qxd5 5. Ngf3 cxd4 6. Bc4
Qd8 (6... Qd6 {main line} 7. O-O Nc6 8. Nb3) 7. O-O Ne7 $6 8. Nb3 Qc7 9. Qe2
Ng6 10. Nbxd4 (10. Nfxd4 a6 11. f4 $5 (11. Bxe6 $6 {Donev} fxe6 12. Nxe6 Bxe6
13. Qxe6+ Be7 {Jetzt gibt es nicht Ng5}) 11... Be7 12. f5 $6 exf5 13. Nxf5 Bxf5
14. Rxf5 O-O $15 {Adams,M-Dreev,A/Dortmund/1994/}) 10... a6 (10... Nc6 $5 {
Knaak}) (10... Be7 $142 {Donev}) 11. Bxe6 $5 fxe6 12. Nxe6 Bxe6 (12... Qe7 $2
13. Nc7+ $18 (13. Nc7+ {Donev} Kd7 14. Qxe7+ Bxe7 15. Nxa8 Kc6 (15... Bc5 16.
Be3 Bxe3 17. fxe3 Kc6 18. Nd4+ $18) 16. Be3 Nd7 17. Nd4+ $18)) 13. Qxe6+ Qe7 $2
(13... Be7 14. Ng5 Nc6 (14... Ne5 15. Bf4 $18) (14... Qd7 {Donev} 15. Qf7+ Kd8
16. Be3 Kc8 17. Rad1 Qg4 (17... Qe8 18. Qe6+ Nd7 19. Bb6 $1 Bxg5 20. Qc4+ Nc5
21. Bxc5 Ne5 $13) 18. h3 $16) 15. Qf7+ Kd7 $8 16. Qf5+ (16. Qe6+ Ke8 17. Re1 $5
{Forster} (17. Qf7+ Kd7 $10)) 16... Ke8 17. Ne6 Qe5 (17... Qd7 $5) 18. Qxe5
Ncxe5 (18... Ngxe5 {Ftacnik} 19. Nc7+ Kf7 20. Nxa8 Rxa8 $14) 19. Nc7+ $13 {
Knaak}) (13... Ne7 {Donev} 14. Ng5 $16) 14. Qc8+ Qd8 (14... Kf7 $2 15. Ng5+ Kg8
$2 (15... Kf6 {Ftacnik} 16. Qc3+ Ne5 (16... Qe5 17. Qf3+ $18) 17. f4 Qc5+ 18.
Be3 Qxc3 19. fxe5+ Kxe5 20. bxc3 $18) 16. Qc4+ $18) 15. Qxb7 $16 {X Ke8} Nd7
16. Bg5 Rb8 $5 (16... Be7 17. Bxe7 (17. Rad1 {Donev} Bxg5 (17... Rb8 18. Qe4
$16) 18. Nxg5 Rb8 19. Rfe1+ Ne7 20. Qxa6 $18) 17... Nxe7 $8 18. Rad1 Rb8 19.
Qxa6 $16 (19. Qe4 $18 {Ftacnik})) 17. Qe4+ $1 (17. Qxa6) 17... Be7 18. Rad1 Qc7
(18... Rb4 19. c4) (18... O-O $2 19. Bxe7 (19. Qe6+ {Donev} Kh8 20. Rxd7 $18)
19... Nxe7 (19... Qxe7 20. Qxe7 Nxe7 21. Rxd7 $18) 20. Qe6+ $18) 19. Bxe7 Nxe7
20. Rfe1 Nf6 (20... Nc5 {Ftacnik} 21. Qc4 Rxb2 22. Re5 $1 Rb5 23. Rde1 $18) 21.
Qa4+ $1 Kf8 (21... Kf7 22. Ne5+ Kg8 23. Nd7 $1 $18 (23. Nd7 {Ftacnik} Nxd7 24.
Rxe7 Nb6 25. Qb3+ Qc4 26. Qxb6 $18)) 22. Ng5 $18 Qc6 (22... Kg8 {Donev} 23.
Qxa6 $18) 23. Qa3 Re8 24. Re6 (24. Ne6+ {Donev} Kf7 25. Nxg7 $1 Kxg7 26. Rxe7+
$18) 24... Qb7 (24... Qb5 25. Rd8 $1 (25. Rde1 {Donev} Qxg5 26. Rxe7 Rxe7 27.
Qxe7+ Kg8 28. Qd8+ Kf7 29. Qxh8 $18) 25... Qb7 (25... Rxd8 26. Qxe7+ $18) (
25... Qxg5 26. Qxe7+ $18) 26. Qd6 $1 Rxd8 27. Qxd8+ Ne8 28. Re3 g6 $8 29. Qd4
$18) 25. Qd6 $1 Qxb2 26. Rde1 Nfg8 (26... Nfd5 {Donev} 27. Qxd5 $1 Nxd5 28.
Rxe8#) 27. Qf4+ Nf6 28. Qc4 $1 Rc8 (28... h6 {Ftacnik} 29. Rb6 $1 $18) 29. Rc6
$1 1-0